The Essentials of Automatic Control Systems/Robotics I / (Record no. 214745)
[ view plain ]
| 000 -LEADER | |
|---|---|
| fixed length control field | 00874 a2200157 4500 |
| 003 - CONTROL NUMBER IDENTIFIER | |
| control field | Nust |
| 005 - DATE AND TIME OF LATEST TRANSACTION | |
| control field | 20230328114913.0 |
| 040 ## - CATALOGING SOURCE | |
| Transcribing agency | Nust |
| 082 ## - DEWEY DECIMAL CLASSIFICATION NUMBER | |
| Classification number | 629.8,FOG |
| 100 ## - MAIN ENTRY--PERSONAL NAME | |
| Personal name | Dr.M. Fogiel, Director |
| 9 (RLIN) | 111499 |
| 245 ## - TITLE STATEMENT | |
| Title | The Essentials of Automatic Control Systems/Robotics I / |
| Statement of responsibility, etc. | Director Dr.M.Fogiel |
| 260 ## - PUBLICATION, DISTRIBUTION, ETC. | |
| Place of publication, distribution, etc. | New Jersey, America |
| Name of publisher, distributor, etc. | Research and Education Association |
| Date of publication, distribution, etc. | 1987 |
| 300 ## - PHYSICAL DESCRIPTION | |
| Extent | vi,88p; |
| 505 ## - FORMATTED CONTENTS NOTE | |
| Formatted contents note | System Modeling Mathematical Approach (Page-1), Solution o Deferential Equation: Systems Response (Pae-16), Application of Laplace Transform (Page-29), Matrix Algebra and Z-Transform (Page-44), Systems Representation Block Diagram, Transfer Functions, and Signal Flow Graphs (Page-51) Servo Characteristics Time-Domain Analysis (Page-58), Root Locus (Page-67), Special Pole-Zero Topics: Dominates Poles and the Partition Method (Page-80). |
| 942 ## - ADDED ENTRY ELEMENTS (KOHA) | |
| Source of classification or shelving scheme | |
| Koha item type | Book |
| Withdrawn status | Lost status | Source of classification or shelving scheme | Damaged status | Not for loan | Permanent Location | Current Location | Shelving location | Date acquired | Full call number | Barcode | Date last seen | Price effective from | Koha item type | Public note |
|---|---|---|---|---|---|---|---|---|---|---|---|---|---|---|
| Military College of Signals (MCS) | Military College of Signals (MCS) | General Stacks | 12/12/2016 | 629.8,FOG | MCS21221 | 12/08/2016 | 12/12/2016 | Book | Almirah No.74, Shelf No.7 |
